000 00313nam a2200097Ia 4500
082 _a070.449616|WHAT
245 0 _aWhat is left unsaid : reporting the South African HIV epidemic
100 _a Palitza, Kristin Auckland Park, South Africa, 2010
942 _cBK
008 210817s9999 xx 000 0 und d
999 _c175688
_d175687